[Event "España ch sub-14 2009"]
[Site "Granada ESP"]
[Date "2009.07.11"]
[Round "8.3"]
[White "Quintin Navarro, Alberto"]
[Black "Pardo Simon, David"]
[Result "0-1"]
[WhiteElo "2064"]
[BlackElo "2321"]
[PlyCount "64"]
[EventDate "2009.07.07"]
[EventType "swiss"]
[EventRounds "9"]
[EventCountry "ESP"]
[Source "lmi"]
[SourceDate "2009.07.07"]

1. d4 Nf6 2. c4 e6 3. g3 Be7 4. Bg2 O-O 5. Nf3 b6 6. O-O Bb7 7. Nc3 Ne4 8. Qc2
Nxc3 9. Qxc3 f5 10. Rd1 Bf6 11. Qd2 d6 12. b3 Qe7 13. Bb2 Nd7 14. Ne1 Bxg2 15.
Nxg2 Rae8 16. h4 g5 17. hxg5 Bxg5 18. Qd3 Qg7 19. Bc1 f4 20. gxf4 Bxf4 21. Bxf4
Rxf4 22. f3 e5 23. Qe3 Kh8 24. Kf2 Rff8 25. Rg1 exd4 26. Qd2 Nc5 27. Nf4 Qf6
28. Rg4 d3 29. Rh1 Rxe2+ 30. Qxe2 dxe2 31. Ng6+ Qxg6 32. Rxg6 Nd3+ 0-1

[Event "España ch sub-14 2009"]
[Site "Granada ESP"]
[Date "2009.07.11"]
[Round "8.5"]
[White "Navarro Lopez-Menchero, Daniel"]
[Black "Cruz Lledo, Pablo"]
[Result "1-0"]
[WhiteElo "2024"]
[BlackElo "2190"]
[PlyCount "57"]
[EventDate "2009.07.07"]
[EventType "swiss"]
[EventRounds "9"]
[EventCountry "ESP"]
[Source "lmi"]
[SourceDate "2009.07.07"]

1. e4 c6 2. d4 d5 3. e5 Bf5 4. Nf3 e6 5. Be2 c5 6. Be3 cxd4 7. Nxd4 Ne7 8. Bg5
Qa5+ 9. Nc3 Nbc6 10. Bb5 O-O-O 11. Bxc6 bxc6 12. Bxe7 Bxe7 13. Nxc6 Qc7 14.
Nxd8 Qxe5+ 15. Qe2 Qxe2+ 16. Nxe2 Bxd8 17. O-O Bf6 18. c3 Bd3 19. Rfe1 e5 20.
Rad1 Bc4 21. b3 Bxe2 22. Rxe2 Rd8 23. f4 e4 24. c4 dxc4 25. Rxd8+ Bxd8 26. Rxe4
cxb3 27. axb3 Kd7 28. Kf2 f5 29. Re5 1-0

[Event "España ch sub-14 2009"]
[Site "Granada ESP"]
[Date "2009.07.11"]
[Round "8.6"]
[White "Alcaraz Ortega, Javier"]
[Black "Tallo Dominguez, Imar"]
[Result "0-1"]
[WhiteElo "2241"]
[BlackElo "2124"]
[PlyCount "90"]
[EventDate "2009.07.07"]
[EventType "swiss"]
[EventRounds "9"]
[EventCountry "ESP"]
[Source "lmi"]
[SourceDate "2009.07.07"]

1. Nf3 e6 2. g3 Nf6 3. c4 d5 4. Bg2 d4 5. O-O Nc6 6. d3 Be7 7. e3 e5 8. exd4
exd4 9. Re1 O-O 10. Bg5 h6 11. Bxf6 Bxf6 12. Nbd2 Bf5 13. Ne4 Be7 14. Nfd2 Qd7
15. a3 a5 16. Qb3 Rfb8 17. Re2 a4 18. Qc2 Bh3 19. Nf3 Bg4 20. Rae1 Re8 21. Ned2
h5 22. Ne5 Nxe5 23. Rxe5 Rab8 24. Nf3 Bf6 25. Rxe8+ Rxe8 26. Rxe8+ Qxe8 27. Nd2
Qe1+ 28. Nf1 Be2 29. Qd2 Qxd2 30. Nxd2 Bxd3 31. Bxb7 Bc2 32. Ne4 Be7 33. Bc6 f5
34. Nd2 Bf6 35. b3 d3 36. Bxa4 Bc3 37. Nf1 d2 38. Nxd2 Bxd2 39. f3 Bc1 40. g4
fxg4 41. fxg4 h4 42. Kf2 Bxa3 43. Ke3 Bc5+ 44. Kd2 Be4 45. Kc3 Bg1 0-1

[Event "España ch sub-14 2009"]
[Site "Granada ESP"]
[Date "2009.07.11"]
[Round "8.7"]
[White "Mallol Muste, Marc"]
[Black "Ladron De Guevara Pinto, Paolo"]
[Result "0-1"]
[WhiteElo "1882"]
[BlackElo "2020"]
[PlyCount "66"]
[EventDate "2009.07.07"]
[EventType "swiss"]
[EventRounds "9"]
[EventCountry "ESP"]
[Source "lmi"]
[SourceDate "2009.07.07"]

1. e4 e6 2. d4 d5 3. Nc3 Nf6 4. e5 Nfd7 5. f4 c5 6. Nf3 Nc6 7. Be3 Be7 8. Qd2
O-O 9. dxc5 Nxc5 10. Nd4 a6 11. O-O-O Nxd4 12. Bxd4 b5 13. Qf2 b4 14. Ne2 Ne4
15. Qf3 Qa5 16. Qb3 Bd7 17. Ng3 Ba4 18. Qe3 Rfc8 19. b3 Bb5 20. Nxe4 dxe4 21.
Kb1 Rxc2 22. Bb2 Rcc8 23. Qxe4 Bc6 24. Qe3 Bd5 25. Rg1 Bc5 26. Bd4 Bxd4 27.
Qxd4 Rc3 28. Bd3 Bxb3 29. axb3 Rxb3+ 30. Kc1 Rc8+ 31. Kd2 Rd8 32. Qe4 Rbxd3+
33. Ke2 Qa2+ 0-1

[Event "España ch sub-14 2009"]
[Site "Granada ESP"]
[Date "2009.07.11"]
[Round "8.8"]
[White "Tejedor Fuentes, Enrique"]
[Black "Escudero Manzano, Alejandro"]
[Result "1-0"]
[WhiteElo "2004"]
[BlackElo "1870"]
[PlyCount "119"]
[EventDate "2009.07.07"]
[EventType "swiss"]
[EventRounds "9"]
[EventCountry "ESP"]
[Source "lmi"]
[SourceDate "2009.07.07"]

1. e4 c5 2. Nf3 e6 3. d4 cxd4 4. Nxd4 a6 5. Bd3 Bc5 6. Nb3 Ba7 7. O-O Nc6 8.
Nc3 Nf6 9. Qe2 d6 10. Bd2 Ne5 11. Bf4 Ng6 12. Be3 Bd7 13. Bxa7 Rxa7 14. Qe3 Ra8
15. f4 O-O 16. e5 dxe5 17. Bxg6 hxg6 18. fxe5 Ng4 19. Qf4 Nh6 20. Ne4 Nf5 21.
c4 Bc6 22. Rad1 Qc7 23. Nd6 Rad8 24. Rd2 b5 25. Rc1 bxc4 26. Rxc4 Qb6+ 27. Nc5
Bd5 28. Nxf5 gxf5 29. Rc1 Rc8 30. b4 a5 31. a3 axb4 32. axb4 Rb8 33. Rd4 Rfd8
34. h4 Qa7 35. h5 Qe7 36. Rc3 Ra8 37. Rd2 Ra1+ 38. Kh2 Kh7 39. Rg3 Rh8 40. Rdd3
Kg8 41. Rh3 Ra2 42. Rdg3 Kh7 43. Qf1 Rha8 44. Qf4 Rh8 45. Nd3 Ra1 46. Qd4 Rd1
47. Qe3 Rb1 48. Qf4 Be4 49. Nf2 Bd5 50. Rh4 Ra8 51. Qd4 Ra4 52. Nd3 Be4 53.
Rxe4 fxe4 54. Qxe4+ Kh8 55. Qg4 Qf8 56. Rf3 Ra7 57. Nf4 Qg8 58. Qh4 Qh7 59.
Ng6+ fxg6 60. Rf8+ 1-0

[Event "España ch sub-14 2009"]
[Site "Granada ESP"]
[Date "2009.07.11"]
[Round "8.9"]
[White "Rodriguez Ferraz, Borja"]
[Black "Madurga Lopez, Ignacio"]
[Result "1-0"]
[WhiteElo "1996"]
[BlackElo "1816"]
[PlyCount "55"]
[EventDate "2009.07.07"]
[EventType "swiss"]
[EventRounds "9"]
[EventCountry "ESP"]
[Source "lmi"]
[SourceDate "2009.07.07"]

1. d4 Nf6 2. c4 c5 3. d5 b5 4. cxb5 a6 5. b6 Qxb6 6. Nc3 g6 7. e4 d6 8. Bd3 Bg7
9. h3 O-O 10. Nf3 Ne8 11. Qc2 Bd7 12. a4 Nc7 13. Nd2 Qb7 14. O-O a5 15. Nc4
Nca6 16. Nxa5 Qc7 17. Nc4 Nb4 18. Qe2 Nxd3 19. Qxd3 Na6 20. Bg5 Nb4 21. Qd2 Bc8
22. Nb5 Qd7 23. Nb6 Qb7 24. Nxa8 Qxa8 25. Bxe7 Re8 26. Nc7 Qb7 27. Nxe8 Qxe7
28. Nxg7 1-0

[Event "España ch sub-14 2009"]
[Site "Granada ESP"]
[Date "2009.07.11"]
[Round "8.10"]
[White "Martin Duque, Jesus"]
[Black "Garcia De Lomas Guerrero, Carlos"]
[Result "1-0"]
[WhiteElo "1930"]
[BlackElo "1793"]
[PlyCount "65"]
[EventDate "2009.07.07"]
[EventType "swiss"]
[EventRounds "9"]
[EventCountry "ESP"]
[Source "lmi"]
[SourceDate "2009.07.07"]

1. e4 e6 2. d4 d5 3. e5 c5 4. c3 Qb6 5. Nf3 Nc6 6. a3 Bd7 7. b4 cxd4 8. cxd4 f6
9. Bb2 Be7 10. Bd3 Rc8 11. O-O Nh6 12. Nc3 Nf7 13. Na4 Qd8 14. Rc1 O-O 15. Nc5
b6 16. Nb3 f5 17. Ba6 Rb8 18. b5 Na5 19. Nxa5 bxa5 20. a4 Bb4 21. Qc2 Qb6 22.
Bc3 Bxc3 23. Qxc3 Bc8 24. Bxc8 Rfxc8 25. Qxc8+ Rxc8 26. Rxc8+ Nd8 27. Rfc1 Kf7
28. R1c7+ Kg6 29. Rd7 a6 30. Rcxd8 axb5 31. Rg8 h6 32. Rdxg7+ Kh5 33. Rg3 1-0

[Event "España ch sub-14 2009"]
[Site "Granada ESP"]
[Date "2009.07.11"]
[Round "8.11"]
[White "Navarrete Espi, Samuel"]
[Black "Moreno Ibanez, Miguel"]
[Result "1/2-1/2"]
[WhiteElo "1804"]
[BlackElo "1922"]
[PlyCount "78"]
[EventDate "2009.07.07"]
[EventType "swiss"]
[EventRounds "9"]
[EventCountry "ESP"]
[Source "lmi"]
[SourceDate "2009.07.07"]

1. e4 c5 2. Nf3 d6 3. d4 cxd4 4. Nxd4 Nf6 5. Nc3 a6 6. Be3 e5 7. Nb3 Be6 8. f3
Nbd7 9. g4 b5 10. Qd2 Nb6 11. Qf2 Nfd7 12. O-O-O Rc8 13. Nd5 Bxd5 14. exd5 Nc4
15. Kb1 Nxe3 16. Qxe3 Be7 17. Bd3 Nb6 18. Bf5 Rb8 19. Na5 Nc4 20. Nxc4 bxc4 21.
f4 exf4 22. Qxf4 Qb6 23. b3 cxb3 24. axb3 Qb4 25. Qe3 Rb7 26. Rd4 Qb6 27. Re1
O-O 28. g5 Rfb8 29. Bxh7+ Kf8 30. g6 Bf6 31. gxf7 Re7 32. Re4 Qxe3 33. R1xe3
Rxe4 34. Bxe4 Kxf7 35. Bf5 Be5 36. h3 a5 37. Re4 Rb4 38. Re3 Rd4 39. Be6+ Ke7
1/2-1/2

[Event "España ch sub-14 2009"]
[Site "Granada ESP"]
[Date "2009.07.11"]
[Round "8.12"]
[White "Suarez Garcia, Carlos"]
[Black "Perez Cabas, Jose"]
[Result "1/2-1/2"]
[WhiteElo "2122"]
[BlackElo "1779"]
[PlyCount "43"]
[EventDate "2009.07.07"]
[EventType "swiss"]
[EventRounds "9"]
[EventCountry "ESP"]
[Source "lmi"]
[SourceDate "2009.07.07"]

1. d4 d5 2. Nf3 Nf6 3. e3 c6 4. c4 e6 5. Nc3 Nbd7 6. Qc2 Be7 7. Be2 dxc4 8.
Bxc4 b5 9. Be2 a6 10. O-O O-O 11. Rd1 Qc7 12. b3 Bb7 13. Bb2 Rac8 14. Rac1 Qb6
15. Ne5 c5 16. Nxd7 Nxd7 17. d5 Nf6 18. Bf3 exd5 19. Nxd5 Bxd5 20. Bxd5 Nxd5
21. Rxd5 c4 22. Qd2 1/2-1/2

[Event "España ch sub-14 2009"]
[Site "Granada ESP"]
[Date "2009.07.11"]
[Round "8.13"]
[White "Garcia Rodriguez, Sara"]
[Black "Gutierrez Valero, Mario"]
[Result "0-1"]
[WhiteElo "1851"]
[BlackElo "2024"]
[PlyCount "112"]
[EventDate "2009.07.07"]
[EventType "swiss"]
[EventRounds "9"]
[EventCountry "ESP"]
[Source "lmi"]
[SourceDate "2009.07.07"]

1. d4 Nf6 2. c4 g6 3. Nc3 Bg7 4. e4 d6 5. Nf3 O-O 6. Be2 e5 7. O-O Nc6 8. d5
Ne7 9. b4 Kh8 10. c5 Ne8 11. Nd2 f5 12. Nc4 Ng8 13. a4 Nh6 14. Ba3 f4 15. b5 b6
16. c6 g5 17. g4 Ng8 18. Bb4 h5 19. f3 hxg4 20. fxg4 Rf7 21. a5 Rb8 22. axb6
axb6 23. Qa4 f3 24. Rxf3 Rf4 25. Rxf4 exf4 26. Qa7 Bd4+ 27. Kg2 Bxg4 28. Bxg4
Nh6 29. Bd7 g4 30. Nxd6 cxd6 31. Bxd6 f3+ 32. Kg3 Nxd6 33. c7 Nxe4+ 34. Nxe4
Be5+ 35. Kf2 Bxc7 36. d6 Qxd7 37. dxc7 Qd4+ 38. Kf1 Rc8 39. Qa8 Qc4+ 40. Kg1
Qxc7 41. Qd5 Qg7 42. Rd1 Re8 43. Qc6 Rf8 44. Qxb6 Nf5 45. Ng3 Qb2 46. Qf2 Qxb5
47. Nxf5 Qxf5 48. Qb2+ Kg8 49. Qa2+ Kg7 50. Qb2+ Rf6 51. Qf2 Kg6 52. Rc1 Re6
53. Re1 Rc6 54. Ra1 Rc2 55. Qb6+ Kh5 56. Ra5 f2+ 0-1

[Event "España ch sub-14 2009"]
[Site "Granada ESP"]
[Date "2009.07.11"]
[Round "8.14"]
[White "Garcia Del Campo, Efren"]
[Black "Villasenor Rubio, Emilio Jose"]
[Result "0-1"]
[WhiteElo "1849"]
[BlackElo "1937"]
[PlyCount "66"]
[EventDate "2009.07.07"]
[EventType "swiss"]
[EventRounds "9"]
[EventCountry "ESP"]
[Source "lmi"]
[SourceDate "2009.07.07"]

1. e4 c5 2. Nf3 d6 3. d4 cxd4 4. Nxd4 Nf6 5. Nc3 a6 6. Bc4 e6 7. Bb3 Nbd7 8.
Bg5 Nc5 9. f4 Be7 10. Qf3 Qc7 11. O-O b5 12. Kh1 Bb7 13. Rae1 O-O 14. a3 h6 15.
Bh4 Nfxe4 16. Bxe7 Nxc3 17. Qxc3 Qxe7 18. f5 Ne4 19. fxe6 fxe6 20. Nxe6 Rxf1+
21. Rxf1 Nxc3 22. bxc3 Kh7 23. Rf7 Qxf7 24. Ng5+ Kg6 25. Nxf7 Rf8 26. Kg1 Rxf7
27. Bxf7+ Kxf7 28. Kf2 Ke6 29. g3 Kd5 30. Ke3 Kc4 31. Kd2 h5 32. h3 Bg2 33. h4
d5 0-1

[Event "España ch sub-14 2009"]
[Site "Granada ESP"]
[Date "2009.07.11"]
[Round "8.15"]
[White "Nicolas Zapata, Javier"]
[Black "Jimenez Fernandez, Ismael"]
[Result "1-0"]
[WhiteElo "1913"]
[BlackElo "1746"]
[PlyCount "55"]
[EventDate "2009.07.07"]
[EventType "swiss"]
[EventRounds "9"]
[EventCountry "ESP"]
[Source "lmi"]
[SourceDate "2009.07.07"]

1. e4 e5 2. Nf3 Nc6 3. d4 exd4 4. Bc4 Bc5 5. c3 Nf6 6. e5 d5 7. Bb5 Ne4 8. cxd4
Bb4+ 9. Bd2 Bxd2+ 10. Nbxd2 Nxd2 11. Bxc6+ bxc6 12. Qxd2 O-O 13. O-O Qe7 14.
Rac1 Bd7 15. Qa5 Rfc8 16. a3 Be8 17. b4 Rcb8 18. Qc5 Qd8 19. Nd2 Rb6 20. Nb3
Rab8 21. f4 Bd7 22. f5 Qg5 23. Qc2 Re8 24. Qf2 Qh6 25. e6 fxe6 26. Nc5 Bc8 27.
fxe6 Qg6 28. Qf7+ 1-0

[Event "España ch sub-14 2009"]
[Site "Granada ESP"]
[Date "2009.07.11"]
[Round "8.16"]
[White "Gomez Dieguez, David"]
[Black "Bals Hernandez, Jordi"]
[Result "1/2-1/2"]
[WhiteElo "1795"]
[BlackElo "1899"]
[PlyCount "40"]
[EventDate "2009.07.07"]
[EventType "swiss"]
[EventRounds "9"]
[EventCountry "ESP"]
[Source "lmi"]
[SourceDate "2009.07.07"]

1. e4 c5 2. Nf3 Nc6 3. d4 cxd4 4. c3 d5 5. exd5 Qxd5 6. Nxd4 e5 7. Nxc6 Qxd1+
8. Kxd1 bxc6 9. Be3 Bf5 10. Ba6 Nf6 11. Ke2 Rb8 12. b4 Nd5 13. Rc1 c5 14. a3
Be7 15. Nd2 Nxe3 16. fxe3 O-O 17. e4 Bg6 18. Bc4 Bg5 19. Bd5 Rfd8 20. Rd1 a5
1/2-1/2

[Event "España ch sub-14 2009"]
[Site "Granada ESP"]
[Date "2009.07.12"]
[Round "9.1"]
[White "Pintor Munoz, Antonio"]
[Black "Anton Guijarro, David"]
[Result "0-1"]
[WhiteElo "2278"]
[BlackElo "2265"]
[PlyCount "107"]
[EventDate "2009.07.07"]
[EventType "swiss"]
[EventRounds "9"]
[EventCountry "ESP"]
[Source "lmi"]
[SourceDate "2009.07.07"]
[WhiteTeam "Andalucia"]
[BlackTeam "Madrid"]
[WhiteTeamCountry "ESP"]
[BlackTeamCountry "ESP"]

1. d4 Nf6 2. Bg5 d5 3. Bxf6 exf6 4. e3 Bd6 5. g3 O-O 6. Bg2 c6 7. Ne2 Qb6 8. b3
Qa6 9. O-O Bg4 10. f3 Bf5 11. Nc1 Re8 12. Re1 Nd7 13. Nd3 Re7 14. e4 dxe4 15.
fxe4 Bg6 16. Nd2 c5 17. d5 Qb6 18. Nc4 Qc7 19. Re3 Rae8 20. Qe2 h5 21. Re1 Ne5
22. Ndxe5 Bxe5 23. Rd1 Bd6 24. a4 b6 25. Re1 Be5 26. Rd1 Bd6 27. Re1 Qb8 28.
Rd1 h4 29. Nxd6 Qxd6 30. Re1 hxg3 31. hxg3 Re5 32. Qf2 Qd7 33. Qf4 Qe7 34. Kf2
c4 35. Bf3 Qc5 36. Kg2 cxb3 37. cxb3 Qb4 38. Kf2 Rc8 39. R1e2 Qd4 40. Kg2 a5
41. Re1 Rce8 42. R3e2 f5 43. exf5 Rxe2+ 44. Rxe2 Rxe2+ 45. Bxe2 Qxd5+ 46. Bf3
Qxf5 47. Qb8+ Kh7 48. Qxb6 Qc2+ 49. Kg1 Qc3 50. Kg2 Bc2 51. Qd8 g6 52. Qd5 Bxb3
53. Qb5 Be6 54. Qe2 0-1

[Event "España ch sub-14 2009"]
[Site "Granada ESP"]
[Date "2009.07.12"]
[Round "9.2"]
[White "Pardo Simon, David"]
[Black "Sanchez Ibern, Marc"]
[Result "1-0"]
[WhiteElo "2321"]
[BlackElo "2289"]
[PlyCount "55"]
[EventDate "2009.07.07"]
[EventType "swiss"]
[EventRounds "9"]
[EventCountry "ESP"]
[Source "lmi"]
[SourceDate "2009.07.07"]
[WhiteTeam "Valencia"]
[BlackTeam "Cataluña"]
[WhiteTeamCountry "ESP"]
[BlackTeamCountry "ESP"]

1. d4 Nf6 2. c4 e5 3. dxe5 Ng4 4. Nf3 Bc5 5. e3 Nc6 6. Be2 O-O 7. O-O Re8 8.
Nc3 Ngxe5 9. b3 Nxf3+ 10. Bxf3 Ne5 11. Bb2 a5 12. Ne4 Bf8 13. Be2 Qh4 14. Nc3
Ra6 15. Qd4 Qd8 16. e4 Qh4 17. Qe3 Rg6 18. Kh1 Bc5 19. Qxc5 Nf3 20. Bxf3 Rh6
21. h3 d6 22. Qe3 Bxh3 23. Kg1 Ree6 24. Rfd1 Ref6 25. gxh3 Qxh3 26. Bg2 Qh2+
27. Kf1 Rhg6 28. Bf3 1-0

[Event "España ch sub-14 2009"]
[Site "Granada ESP"]
[Date "2009.07.12"]
[Round "9.3"]
[White "Tallo Dominguez, Imar"]
[Black "Navarro Lopez-Menchero, Daniel"]
[Result "1-0"]
[WhiteElo "2124"]
[BlackElo "2024"]
[PlyCount "45"]
[EventDate "2009.07.07"]
[EventType "swiss"]
[EventRounds "9"]
[EventCountry "ESP"]
[Source "lmi"]
[SourceDate "2009.07.07"]
[WhiteTeam "Cataluña"]
[BlackTeam "Valencia"]
[WhiteTeamCountry "ESP"]
[BlackTeamCountry "ESP"]

1. e4 c5 2. Nf3 d6 3. d4 cxd4 4. Nxd4 Nf6 5. Nc3 a6 6. h3 e5 7. Nde2 Be7 8. g4
h6 9. Ng3 g6 10. Be3 Be6 11. Bg2 b5 12. Nd5 Nxd5 13. exd5 Bc8 14. Qd2 Bf8 15.
a4 bxa4 16. Qb4 Qc7 17. Ra3 Qb7 18. Qxa4+ Bd7 19. Qa5 Be7 20. Rb3 Qc8 21. Rc3
Qb7 22. Bb6 Bf8 23. Ra3 1-0

[Event "España ch sub-14 2009"]
[Site "Granada ESP"]
[Date "2009.07.12"]
[Round "9.4"]
[White "Santos Latasa, Jaime"]
[Black "Tejedor Fuentes, Enrique"]
[Result "1-0"]
[WhiteElo "2256"]
[BlackElo "2004"]
[PlyCount "73"]
[EventDate "2009.07.07"]
[EventType "swiss"]
[EventRounds "9"]
[EventCountry "ESP"]
[Source "lmi"]
[SourceDate "2009.07.07"]
[WhiteTeam "Asturias"]
[BlackTeam "Cantabria"]
[WhiteTeamCountry "ESP"]
[BlackTeamCountry "ESP"]

1. e4 c5 2. Nf3 e6 3. d4 cxd4 4. Nxd4 Nc6 5. Nc3 Qc7 6. Nxc6 bxc6 7. Bd3 Nf6 8.
O-O d5 9. Qe2 Be7 10. b3 O-O 11. Bb2 d4 12. Nb1 e5 13. Nd2 Bg4 14. f3 Be6 15.
Bc4 Qb6 16. Kh1 Bc8 17. Bd3 Be6 18. Nc4 Bxc4 19. Bxc4 Rad8 20. Rad1 Qa5 21. a4
Bb4 22. Bc1 Be7 23. Rde1 Bb4 24. Rd1 Be7 25. g3 Qc7 26. f4 Nd7 27. f5 Qd6 28.
g4 h6 29. Rg1 Bg5 30. Bxg5 hxg5 31. Qd2 Nc5 32. Rde1 d3 33. cxd3 Qd4 34. Qxg5
Rd6 35. Rg3 Rh6 36. Qe3 Qc3 37. Rf1 1-0

[Event "España ch sub-14 2009"]
[Site "Granada ESP"]
[Date "2009.07.12"]
[Round "9.5"]
[White "Montoliu Cervero, Francisco"]
[Black "Rodriguez Ferraz, Borja"]
[Result "0-1"]
[WhiteElo "2063"]
[BlackElo "1996"]
[PlyCount "64"]
[EventDate "2009.07.07"]
[EventType "swiss"]
[EventRounds "9"]
[EventCountry "ESP"]
[Source "lmi"]
[SourceDate "2009.07.07"]
[WhiteTeam "Valencia"]
[BlackTeam "Canarias"]
[WhiteTeamCountry "ESP"]
[BlackTeamCountry "ESP"]

1. e4 e5 2. Nf3 Nc6 3. Bb5 a6 4. Ba4 Nf6 5. O-O Bc5 6. c3 b5 7. Bc2 d6 8. d4
Bb6 9. a4 Bg4 10. d5 Ne7 11. axb5 axb5 12. Rxa8 Qxa8 13. Na3 Ng6 14. Qd3 O-O
15. Nxb5 Nh5 16. Bd1 Nhf4 17. Bxf4 Nxf4 18. Qc2 f5 19. Nd2 Bxd1 20. Rxd1 fxe4
21. Nxe4 Qe8 22. Na3 Qg6 23. Ng3 Qxc2 24. Nxc2 Ne2+ 25. Kh1 Nxg3+ 26. hxg3 Rxf2
27. Ne1 Rf1+ 28. Kh2 Bf2 29. Rd2 Bxe1 30. Re2 Bf2 31. c4 Bc5 32. Rc2 Rf2 0-1

[Event "España ch sub-14 2009"]
[Site "Granada ESP"]
[Date "2009.07.12"]
[Round "9.6"]
[White "Ladron De Guevara Pinto, Paolo"]
[Black "Martin Duque, Jesus"]
[Result "1-0"]
[WhiteElo "2020"]
[BlackElo "1930"]
[PlyCount "81"]
[EventDate "2009.07.07"]
[EventType "swiss"]
[EventRounds "9"]
[EventCountry "ESP"]
[Source "lmi"]
[SourceDate "2009.07.07"]
[WhiteTeam "Andalucia"]
[BlackTeam "Madrid"]
[WhiteTeamCountry "ESP"]
[BlackTeamCountry "ESP"]

1. e4 e6 2. d4 d5 3. Nc3 Bb4 4. exd5 exd5 5. Bd3 Ne7 6. Qf3 Nbc6 7. Nge2 Be6 8.
a3 Bxc3+ 9. bxc3 Qd7 10. Rb1 O-O-O 11. a4 f6 12. Ba3 h5 13. Qe3 Bf5 14. Qc1
Bxd3 15. cxd3 Ng6 16. Qb2 b6 17. O-O Rhe8 18. Rbe1 h4 19. h3 Qf5 20. Qb5 Kb7
21. Bc1 Re6 22. Be3 a6 23. Qb1 Na5 24. Qd1 Rde8 25. Kh1 Rc6 26. Kg1 Rce6 27.
Qd2 R6e7 28. Rb1 Ka8 29. Rfc1 Qd7 30. c4 dxc4 31. dxc4 Qxa4 32. Ra1 Qb3 33. Rc3
Qb4 34. Qc2 Nf8 35. c5 Qb5 36. Rb1 Qd7 37. cxb6 cxb6 38. Rxb6 Ka7 39. Rb1 Qd6
40. Ra1 Nb7 41. Rc6 1-0

[Event "España ch sub-14 2009"]
[Site "Granada ESP"]
[Date "2009.07.12"]
[Round "9.7"]
[White "Cruz Lledo, Pablo"]
[Black "Nicolas Zapata, Javier"]
[Result "1/2-1/2"]
[WhiteElo "2190"]
[BlackElo "1913"]
[PlyCount "116"]
[EventDate "2009.07.07"]
[EventType "swiss"]
[EventRounds "9"]
[EventCountry "ESP"]
[Source "lmi"]
[SourceDate "2009.07.07"]
[WhiteTeam "Valencia"]
[BlackTeam "Valencia"]
[WhiteTeamCountry "ESP"]
[BlackTeamCountry "ESP"]

1. d4 Nf6 2. c4 g6 3. Nc3 Bg7 4. Nf3 O-O 5. Bg5 d6 6. e3 Nbd7 7. Be2 c6 8. O-O
e5 9. b4 h6 10. Bh4 g5 11. Bg3 Nh5 12. dxe5 Nxg3 13. hxg3 dxe5 14. c5 a5 15. a3
b6 16. Qd6 Qf6 17. Qxf6 Bxf6 18. Ne4 Bg7 19. Rac1 b5 20. Nd6 Rd8 21. Nd2 Nf6
22. Bf3 Nd5 23. Bxd5 cxd5 24. Nb3 axb4 25. axb4 Bf8 26. Nxc8 Rdxc8 27. Rfd1 Ra4
28. Rxd5 Rxb4 29. Nd2 Rc6 30. Rxe5 Rb2 31. Nf3 Bg7 32. Rd5 b4 33. Nd4 Bxd4 34.
exd4 b3 35. Rd8+ Kg7 36. Rb8 Rd2 37. Rb4 Rf6 38. Rf1 Rc6 39. g4 Kg6 40. Rb1 Rf6
41. Rb6 Rxd4 42. R1xb3 Rc4 43. Rxf6+ Kxf6 44. Rb6+ Kg7 45. c6 Rxg4 46. c7 Rc4
47. Rb7 Rc2 48. Kh2 Rc3 49. f3 Kg6 50. Kg3 h5 51. Kf2 Kf5 52. Rb5+ Kf6 53. Rb7
Kf5 54. Ra7 h4 55. Ke2 Kf4 56. Kd2 Rc6 57. Ra4+ Kf5 58. Ra5+ Kf4 1/2-1/2

[Event "España ch sub-14 2009"]
[Site "Granada ESP"]
[Date "2009.07.12"]
[Round "9.8"]
[White "Moreno Ibanez, Miguel"]
[Black "Quintin Navarro, Alberto"]
[Result "0-1"]
[WhiteElo "1922"]
[BlackElo "2064"]
[PlyCount "70"]
[EventDate "2009.07.07"]
[EventType "swiss"]
[EventRounds "9"]
[EventCountry "ESP"]
[Source "lmi"]
[SourceDate "2009.07.07"]
[WhiteTeam "Castilla La Mancha"]
[BlackTeam "Aragon"]
[WhiteTeamCountry "ESP"]
[BlackTeamCountry "ESP"]

1. e4 c5 2. Nf3 d6 3. d4 cxd4 4. Nxd4 Nf6 5. Nc3 a6 6. Bg5 e6 7. f4 Qc7 8. Bxf6
gxf6 9. Qf3 b5 10. a3 Bb7 11. O-O-O Nd7 12. f5 e5 13. Nb3 Rc8 14. Bd3 Nc5 15.
Nxc5 dxc5 16. Be2 c4 17. Nd5 Bxd5 18. Rxd5 c3 19. b4 Be7 20. Rhd1 Qb6 21. Qg3
Kf8 22. Qh3 h5 23. Qd3 Rc7 24. Rd7 Rxd7 25. Qxd7 Qe3+ 26. Kb1 Qxe2 27. Rd3 Qe1+
28. Ka2 h4 29. Qb7 Qe2 30. Rxc3 Qxg2 31. h3 Qd2 32. Rc8+ Bd8 33. Qc7 Kg7 34.
Qc5 Bb6 35. Qc3 Qd1 0-1

[Event "España ch sub-14 2009"]
[Site "Granada ESP"]
[Date "2009.07.12"]
[Round "9.9"]
[White "Gutierrez Valero, Mario"]
[Black "Delgado Osorio, Xavier"]
[Result "1/2-1/2"]
[WhiteElo "2024"]
[BlackElo "1895"]
[PlyCount "46"]
[EventDate "2009.07.07"]
[EventType "swiss"]
[EventRounds "9"]
[EventCountry "ESP"]
[Source "lmi"]
[SourceDate "2009.07.07"]
[WhiteTeam "Andalucia"]
[BlackTeam "Cataluña"]
[WhiteTeamCountry "ESP"]
[BlackTeamCountry "ESP"]

1. d4 d5 2. Nf3 Nf6 3. c4 c6 4. Qb3 dxc4 5. Qxc4 Bf5 6. g3 e6 7. Bg2 Nbd7 8.
O-O Be7 9. Nc3 O-O 10. Re1 Ne4 11. Qb3 Qb6 12. Qxb6 axb6 13. Nh4 Bxh4 14. gxh4
Ndf6 15. f3 Nxc3 16. bxc3 b5 17. e4 Bg6 18. Bf4 Rfe8 19. Bd6 Red8 20. Be7 Rd7
21. Bc5 Rdd8 22. Be7 Rd7 23. Bc5 Rdd8 1/2-1/2

[Event "España ch sub-14 2009"]
[Site "Granada ESP"]
[Date "2009.07.12"]
[Round "9.10"]
[White "Perez Cabas, Jose"]
[Black "Fernandez Lledo, Javier"]
[Result "0-1"]
[WhiteElo "1779"]
[BlackElo "1977"]
[PlyCount "54"]
[EventDate "2009.07.07"]
[EventType "swiss"]
[EventRounds "9"]
[EventCountry "ESP"]
[Source "lmi"]
[SourceDate "2009.07.07"]
[WhiteTeam "Cataluña"]
[BlackTeam "Madrid"]
[WhiteTeamCountry "ESP"]
[BlackTeamCountry "ESP"]

1. e4 Nf6 2. e5 Nd5 3. d4 d6 4. c4 Nb6 5. f4 dxe5 6. fxe5 Bf5 7. Nf3 e6 8. Bd3
Bxd3 9. Qxd3 c5 10. O-O Be7 11. Rd1 cxd4 12. Nxd4 Qc7 13. b3 Qxe5 14. Bb2 Na6
15. a3 Rd8 16. Nd2 Nc5 17. Qc3 Bf6 18. N2f3 Qh5 19. Qa5 O-O 20. b4 Nxc4 21.
Qxa7 Nxb2 22. Rd2 Ncd3 23. Ne2 Nc4 24. Ng3 Qg6 25. Rad1 Nxd2 26. Rxd2 Ne5 27.
Nxe5 Bxe5 0-1